Course In technical English (Record no. 13178)

000 -LEADER
fixed length control field 00458 a2200193 4500
003 - CONTROL NUMBER IDENTIFIER
control field OSt
005 - DATE AND TIME OF LATEST TRANSACTION
control field 20250325170558.0
008 - FIXED-LENGTH DATA ELEMENTS--GENERAL INFORMATION
fixed length control field 250325b ||||| |||| 00| 0 eng d
020 ## - INTERNATIONAL STANDARD BOOK NUMBER
International Standard Book Number 9781108891738
040 ## - CATALOGING SOURCE
Original cataloging agency BMSCA
041 ## - LANGUAGE CODE
Language code of text/sound track or separate title eng.
082 ## - DEWEY DECIMAL CLASSIFICATION NUMBER
Classification number 425
Item number SAM
100 ## - MAIN ENTRY--PERSONAL NAME
Personal name Sam, Praveen
245 ## - TITLE STATEMENT
Title Course In technical English
260 ## - PUBLICATION, DISTRIBUTION, ETC. (IMPRINT)
Name of publisher, distributor, etc Cambridge University Press
Date of publication, distribution, etc 2020
Place of publication, distribution, etc New Delhi
300 ## - PHYSICAL DESCRIPTION
Extent vii, 230 p
700 ## - ADDED ENTRY--PERSONAL NAME
Personal name Shobha, KN
942 ## - ADDED ENTRY ELEMENTS (KOHA)
Source of classification or shelving scheme
Holdings
Withdrawn status Lost status Source of classification or shelving scheme Damaged status Koha normalized classification for sorting Not for loan Permanent location Current location Date acquired Source of acquisition Cost, normal purchase price Full call number Barcode Date last seen Cost, replacement price Price effective from Koha item type
        425_000000000000000_SAM   BMS College of Architecture, Design and Planning BMS College of Architecture, Design and Planning 2025-03-25 3 315.00 425 SAM AR-UG4893 2025-03-25 450.00 2025-03-25 UG Books
        425_000000000000000_SAM   BMS College of Architecture, Design and Planning BMS College of Architecture, Design and Planning 2025-03-25 3 315.00 425 SAM AR-UG4894 2025-03-25 450.00 2025-03-25 UG Books
        425_000000000000000_SAM   BMS College of Architecture, Design and Planning BMS College of Architecture, Design and Planning 2025-03-25 3 315.00 425 SAM AR-UG4895 2025-03-25 450.00 2025-03-25 UG Books
        425_000000000000000_SAM   BMS College of Architecture, Design and Planning BMS College of Architecture, Design and Planning 2025-03-25 3 315.00 425 SAM AR-UG4896 2025-03-25 450.00 2025-03-25 UG Books
        425_000000000000000_SAM   BMS College of Architecture, Design and Planning BMS College of Architecture, Design and Planning 2025-03-25 3 315.00 425 SAM AR-UG4897 2025-03-25 450.00 2025-03-25 UG Books
        425_000000000000000_SAM   BMS College of Architecture, Design and Planning BMS College of Architecture, Design and Planning 2025-03-25 3 315.00 425 SAM AR-UG4898 2025-03-25 450.00 2025-03-25 UG Books
        425_000000000000000_SAM   BMS College of Architecture, Design and Planning BMS College of Architecture, Design and Planning 2025-03-25 3 315.00 425 SAM AR-UG4899 2025-03-25 450.00 2025-03-25 UG Books
        425_000000000000000_SAM   BMS College of Architecture, Design and Planning BMS College of Architecture, Design and Planning 2025-03-25 3 315.00 425 SAM AR-UG4900 2025-03-25 450.00 2025-03-25 UG Books
        425_000000000000000_SAM   BMS College of Architecture, Design and Planning BMS College of Architecture, Design and Planning 2025-03-25 3 315.00 425 SAM AR-UG4901 2025-03-25 450.00 2025-03-25 UG Books
        425_000000000000000_SAM   BMS College of Architecture, Design and Planning BMS College of Architecture, Design and Planning 2025-03-25 3 315.00 425 SAM AR-UG4902 2025-03-25 450.00 2025-03-25 UG Books
Copyright © 2025, The Librarian, Library and Information Centre, BMSCA D&P, Bengaluru. All Rights Reserved
web counter

Powered by Koha